000 00413nam a22001577a 4500
003 OSt
008 210914b ||||| |||| 00| 0 eng d
020 _a9789390175390
082 _a631.3
_bPOW/FA
100 _aPowar, Ashok G
_95032
245 _aFarm machinery and power
_bA Glossary
260 _aNew Delhi
_bNew India Publishing Agency
_c2021
300 _a366 p
700 _aAware, Vijay V
_95033
942 _cBK
999 _c13764
_d13764